Les étoiles du chemin des étoiles de Cannes en 2024 (1) - Statistiques

Statistiques générales
  • Ce quiz a été pris 22 fois
  • Le résultat moyen est 17 sur 41
Statistiques - réponses
Pays Catégorie Activité Prénom et Nom % Correct
Canada Cinéma Acteur Keanu {Reeves}
100%
Etats-Unis Cinéma Réalisatrice & Actrice Angelina {Jolie}
94%
Etats-Unis Cinéma Actrice Cameron {Diaz}
94%
Etats-Unis Cinéma Réalisateur & Acteur Clint {Eastwood}
94%
Australie Cinéma Réalisatrice & Actrice Nicole {Kidman}
94%
Espagne Cinéma Actrice Penelope {Cruz}
94%
Espagne Cinéma Acteur Antonio {Banderas}
89%
Allemagne Cinéma Actrice Diane {Kruger}
89%
Espagne Cinéma Acteur Javier {Bardem}
83%
Etats-Unis Cinéma Réalisateur & Acteur Benicio {Del Toro}
78%
Danemark Cinéma Réalisateur & Acteur Vigo {Mortensen}
78%
Etats-Unis Cinéma Acteur Chuck {Norris}
67%
Chine Cinéma Scénariste Kar-Wai {Wong}
67%
Danemark Cinéma Réalisateur Lars {Von Trier}
67%
Espagne Cinéma Réalisateur & Acteur Pedro {Almodovar}
67%
Allemagne Cinéma Réalisateur Wim {Wenders}
67%
Belgique Cinéma Acteur Jean-Claude {Van Damme}
61%
Etats-Unis Cinéma Réalisatrice & Actrice Jodie {Foster}
61%
Etats-Unis Cinéma Réalisateur & Acteur Jack {Nicholson}
44%
Etats-Unis Cinéma Réalisateur & Acteur Dennis {Hopper}
28%
Etats-Unis Cinéma Actrice Geraldine {Chaplin}
28%
Etats-Unis Cinéma Acteur Grégory {Peck}
28%
Australie Cinéma Acteur Guy {Pearce}
28%
Etats-Unis Cinéma Réalisatrice & Actrice Jamie {Lee Curtis}
28%
Espagne Cinéma Actrice Carmen {Maura}
22%
Etats-Unis Cinéma Réalisateur George {Lucas}
22%
Etats-Unis Cinéma Actrice Jane {Fonda}
17%
Etats-Unis Cinéma Réalisateur & Acteur Blake {Edwards}
11%
Etats-Unis Cinéma Réalisateur Curtis {Hanson}
11%
Etats-Unis Cinéma Réalisateur David {Lynch}
11%
Etats-Unis Cinéma Acteur Charles {Bronson}
6%
Argentine Cinéma Réalisateur Fernando {Solanas}
6%
Etats-Unis Cinéma Réalisateur James {Ivory}
6%
Colombie Cinéma Réalisateur Victor {Gaviria}
6%
Etats-Unis Cinéma Réalisateur & Acteur Ben {Gazzara}
0%
Etats-Unis Cinéma Acteur David {Morse}
0%
Etats-Unis Cinéma Scénariste James {Ellroy}
0%
Etats-Unis Cinéma Actrice Jeanne {Tripplehom}
0%
Etats-Unis Cinéma Réalisateur & Acteur John {Turturro}
0%
Etats-Unis Cinéma Acteur Kyle {MacLachlan}
0%
Allemagne Cinéma Réalisateur Peter {Fleischmann}
0%
Aucun quiz correspondant
Distribution des résultats
% des personnes avec chaque résultat
Percentile par nombre de réponses
Votre historique - résultats
Vous n’avez pas pris ce quiz